000 00555cam a2200157 4500500
005 20260329010057.0
041 _afre
042 _adc
100 1 0 _aGustave, Océane
_eauthor
245 0 0 _aMusonius Rufus : "Nous souffrons pour une bonne cause"
260 _c2021.
500 _a25
690 _aStoïciens
786 0 _nPhilosophie magazine - Hors séries | Hors-série Pritemps 2021 | HS49 | 2021-04-01 | p. 18-19 | 2104-9246
856 4 1 _uhttps://shs.cairn.info/magazine-philosophie-magazine-2021-hs49-page-18?lang=fr&redirect-ssocas=7080
999 _c1849286
_d1849286